Creación, Paraíso y pecado original según Genesis 1-3 / (Record no. 126384)

MARC details
000 -LEADER
campo de control de longitud fija 00777nam a2200241 4500
001 - NÚMERO DE CONTROL
campo de control 126384
003 - IDENTIFICADOR DE NÚMERO DE CONTROL
campo de control ES-MaACL
005 - FECHA Y HORA DE LA ÚLTIMA TRANSACCIÓN
campo de control 20230906192818.0
007 - CAMPO FIJO DE DESCRIPCIÓN FÍSICA--INFORMACIÓN GENERAL
campo de control de longitud fija t|
008 - DATOS DE LONGITUD FIJA--INFORMACIÓN GENERAL
campo de control de longitud fija 070214s1969 sp r ||||1| spa d
100 1# - ENTRADA PRINCIPAL--NOMBRE DE PERSONA
Nombre de persona Renckens, H.
9 (RLIN) 96196
245 10 - MENCIÓN DEL TÍTULO
Título Creación, Paraíso y pecado original según Genesis 1-3 /
Mención de responsabilidad, etc. H. Renckens ; [lo tradujeron Mariano Herranz Marco y Alfonso de la Fuente Adanez].
250 ## - MENCION DE EDICION
Mención de edición 2ª ed.
260 ## - PUBLICACIÓN, DISTRIBUCIÓN, ETC.
Lugar de publicación, distribución, etc. Madrid :
Nombre del editor, distribuidor, etc. Guadarrama,
Fecha de publicación, distribución, etc. 1969.
300 ## - DESCRIPCIÓN FÍSICA
Extensión 293 p. ;
Dimensiones 18 cm.
490 1# - MENCIÓN DE SERIE
Mención de serie Punto Omega ;
Designación de volumen o secuencia 80
700 1# - ENTRADA AGREGADA--NOMBRE PERSONAL
Nombre de persona Herranz Marco, Mariano.
9 (RLIN) 63170
700 0# - ENTRADA AGREGADA--NOMBRE PERSONAL
Nombre de persona Fuente Adánez, Alfonso de la.
9 (RLIN) 52860
830 0# - PUNTO DE ACCESO ADICIONAL DE SERIE-TÍTULO UNIFORME
Título uniforme Punto Omega ;
Designación de volumen o secuencia 80
9 (RLIN) 180707
852 ## - LOCALIZACIÓN
Ubicación ES-MaACL
Número de control de estantería E-5477
Sublocalización o colección R.89657
852 ## - LOCALIZACIÓN
Número de control de estantería C-40608
Sublocalización o colección R.71550
Holdings
Estatus retirado Estado de pérdida Estado de daño No para préstamo Biblioteca de origen Biblioteca actual Ubicación en estantería Fecha de adquisición Fuente de adquisición Total de préstamos Signatura topográfica completa Código de barras Visto por última vez Precio de reemplazo Tipo de ítem Koha
        Biblioteca del Ateneo de Madrid Biblioteca del Ateneo de Madrid Depósito 2 17/01/2008     C-40608 1131635 23/02/2023 23/02/2023 Libro impreso
        Biblioteca del Ateneo de Madrid Biblioteca del Ateneo de Madrid Depósito 2 17/01/2008     E-5477 1131634 23/02/2023 23/02/2023 Libro impreso